Diseño de la estructura de pavimento articulado por el método de AASHTO -93 y drenaje menor de 1 km de calles, barrio la luz, municipio la Libertad, Chontales

La investigación presenta el diseño de la estructura de pavimento articulado de 1 km de calles (por el método de AASHTO 93) y drenaje menor en el Barrio La Luz, municipio de La Libertad, departamento de Chontales.

Bibliographic Details
Main Authors: Blandón Gutiérrez, Gissela del Carmen, Salinas Calero, Carlos Ariel
Other Authors: Tutor: González Herrera, Lázaro José
Format: Tesis Section = Libro
Language:Undetermined
Spanish
Published: Managua UNI 2021
Subjects:
LEADER 01142nam a2200265Ia 4500
008 240830s9999 xx 000 0 und d
040 |a BIBLIOTECA-RUPAP Mon 625.85 B642 
041 |a spa 
082 |a Mon 625.85 B642 
100 1 |a Blandón Gutiérrez, Gissela del Carmen 
100 1 |b Salinas Calero, Carlos Ariel 
245 1 0 |a Diseño de la estructura de pavimento articulado por el método de AASHTO -93 y drenaje menor de 1 km de calles, barrio la luz, municipio la Libertad, Chontales 
260 |a Managua  |b UNI  |c 2021 
300 |a 87p. :il. 
500 |a Contiene: anexos y CD. 
502 |a Tesis (Ingeniero Civil) - UNI, 2021. 
520 3 |a La investigación presenta el diseño de la estructura de pavimento articulado de 1 km de calles (por el método de AASHTO 93) y drenaje menor en el Barrio La Luz, municipio de La Libertad, departamento de Chontales. 
650 7 |a PAVIMENTOS 
650 7 |b  PAVIMENTOS DE ASFALTO 
650 7 |c  MATERIAL PARA CARRETERAS 
650 7 |d  CARRETERAS-MANTENIMIENTO Y REPARACION 
700 1 |a Tutor:  |b González Herrera, Lázaro José 
942 |c BK  |2 ddc 
991 |a TESIS 
999 |c 19061